MyGZULibrary

Holoprosencephaly: (Record no. 11181)

MARC details
000 -LEADER
fixed length control field 01160pam a2200361 a 4500
001 - CONTROL NUMBER
control field 3871649
003 - CONTROL NUMBER IDENTIFIER
control field GZU
005 - DATE AND TIME OF LATEST TRANSACTION
control field 20240402123718.0
008 - FIXED-LENGTH DATA ELEMENTS--GENERAL INFORMATION
fixed length control field 891229s1990 nyua b 001 0 eng c
010 ## - LIBRARY OF CONGRESS CONTROL NUMBER
LC control number 89021530
020 ## - INTERNATIONAL STANDARD BOOK NUMBER
International Standard Book Number 0471567450
022 ## - INTERNATIONAL STANDARD SERIAL NUMBER
International Standard Serial Number No number
040 ## - CATALOGING SOURCE
Original cataloging agency DNLM/DLC
Transcribing agency DLC
Modifying agency DLC
050 00 - LIBRARY OF CONGRESS CALL NUMBER
Classification number RJ496
Item number HOL 1990
060 ## - NATIONAL LIBRARY OF MEDICINE CALL NUMBER
Classification number WL 350 H754
082 00 - DEWEY DECIMAL CLASSIFICATION NUMBER
Classification number 618.92/8
Edition number 20
245 00 - TITLE STATEMENT
Title Holoprosencephaly:
Remainder of title overview and atlas of cases/
Statement of responsibility, etc. edited by Joseph R. Siebert ... [et al.].
260 ## - PUBLICATION, DISTRIBUTION, ETC.
Place of publication, distribution, etc. New York:
Name of publisher, distributor, etc. Wiley-Liss,
Date of publication, distribution, etc. c1990.
300 ## - PHYSICAL DESCRIPTION
Extent x, 420 pages:
Other physical details illustrations;
Dimensions 24cm.
504 ## - BIBLIOGRAPHY, ETC. NOTE
Bibliography, etc. note Includes bibliographical references and index.
505 ## - FORMATTED CONTENTS NOTE
Title Holoprosencephaly
520 ## - SUMMARY, ETC.
Summary, etc. Holoprosencephally
650 #0 - SUBJECT ADDED ENTRY--TOPICAL TERM
Topical term or geographic name entry element Holoprosencephaly.
650 #0 - SUBJECT ADDED ENTRY--TOPICAL TERM
Topical term or geographic name entry element Holoprosencephaly
General subdivision Case studies.
650 #2 - SUBJECT ADDED ENTRY--TOPICAL TERM
Topical term or geographic name entry element Abnormalities, Multiple.
650 #2 - SUBJECT ADDED ENTRY--TOPICAL TERM
Topical term or geographic name entry element Brain
General subdivision abnormalities.
650 #2 - SUBJECT ADDED ENTRY--TOPICAL TERM
Topical term or geographic name entry element Face
General subdivision abnormalities.
650 #2 - SUBJECT ADDED ENTRY--TOPICAL TERM
Topical term or geographic name entry element Facial Bones
General subdivision abnormalities.
700 1# - ADDED ENTRY--PERSONAL NAME
Personal name Siebert, Joseph Robert.
906 ## - LOCAL DATA ELEMENT F, LDF (RLIN)
a 7
b cbc
c orignew
d 1
e ocip
f 19
g y-gencatlg
942 ## - ADDED ENTRY ELEMENTS (KOHA)
Source of classification or shelving scheme Library of Congress Classification
Koha item type Books
Classification part 496
Item part HOL
Call number prefix RJ
Holdings
Withdrawn status Lost status Source of classification or shelving scheme Damaged status Not for loan Home library Current library Shelving location Date acquired Source of acquisition Total Checkouts Full call number Barcode Date last seen Copy number Price effective from Koha item type
    Library of Congress Classification     Medical Library Medical Library General Stacks 04/02/2024 Donation   RJ496HOL 1990 033200 04/02/2024 c.1 04/02/2024 Books